000 00520nam a2200181Ia 4500
999 _c30037
_d30037
003 OSt
005 20201204121104.0
008 190216s9999||||xx |||||||||||||| ||und||
020 _a9789381788318
040 _coclc
082 _a894.8124
_bPAT/A
100 _aPatkar, Medha
_97208
245 0 _aAthijeevanathinte Samarangal /
_cMedha Patkar
260 _bOlive Publications,
_c2012.
_aKozhikode:
300 _a105p
650 _aLekhanam
942 _cBK
_2ddc
_h894.8124
_iPAT/A
_k894.8124
_mPAT/A